Music Quiz

Random Music or The Beatles Quiz
Score 0/30 Timer 05:00
6 Plays Today
% Correct
Falling
93.3%
Must
92.8%
You
92.5%
Care
92.4%
Home
91.9%
Make
91.7%
Start
91.6%
Left
91.4%
That
91.1%
Will
90.7%
Song
90%
Need
89.7%
Hope
89.2%
Honky
88.5%
Gonna
88.5%
% Correct
Than
87.7%
High
87.3%
Back
87.2%
World
87.1%
Great
86.9%
Wanna
85.8%
Guitar
85.3%
Leave
85%
About
84.5%
Feel
84.5%
Hard
81.2%
Alright
80.9%
Was
80.6%
Were
79.8%
Lover
77.3%
Remove Ads.
Support Sporcle.
Get the best of Sporcle when you Go Orange. This ad-free experience offers more features, more stats, and more fun while also helping to support Sporcle. Thank you for becoming a member.

You're not logged in!

Compare scores with friends on all Sporcle quizzes.
OR
Log In

Show Comments

Extras

Top Quizzes Today


Score Distribution

Your Account Isn't Verified!

In order to create a playlist on Sporcle, you need to verify the email address you used during registration. Go to your Sporcle Settings to finish the process.

Report this User

Report this user for behavior that violates our Community Guidelines.

Details: